[Event "EU-ch Online U2300 Qual"]
[Site "Chess.com INT"]
[Date "2020.05.25"]
[Round "7"]
[White "Korotaev, Yaroslav"]
[Black "Travica, Robert"]
[Result "1/2-1/2"]
[WhiteElo "1893"]
[BlackElo "2002"]
[PlyCount "89"]
[EventDate "2020.05.25"]
[EventType "swiss"]
[EventRounds "8"]
[EventCountry "NET"]
[SourceTitle "EXT 2021"]
[Source "ChessBase"]
[SourceDate "2020.10.23"]
[SourceVersion "1"]
[SourceVersionDate "2020.10.23"]
[SourceQuality "1"]

1. d4 d5 2. c4 e6 3. Nf3 Nf6 4. g3 Be7 5. Bg2 0-0 6. 0-0 b6 7. cxd5 exd5 8. Ne5 Bb7 9. Nc3 Nbd7 10. Qa4 c5 11. Nxd7 Qxd7 12. Qxd7 Nxd7 13. Nxd5 Bxd5 14. Bxd5 Rad8 15. dxc5 Nxc5 16. Bg2 Bf6 17. Rb1 Rd7 18. Be3 Rfd8 19. b4 Na4 20. Bc6 Nc3 21. Bxd7 Nxb1 22. Bc6 Nc3 23. a4 Nxe2+ 24. Kg2 Nd4 25. Be4 g6 26. Rd1 Kg7 27. h4 Ne6 28. Rxd8 Bxd8 29. Bd5 Bf6 30. Bxe6 fxe6 31. Kf3 Bc3 32. b5 Be5 33. Ke4 Bd6 34. Bd4+ Kf7 35. Be5 Ke7 36. Bd4 Kd7 37. f4 h5 38. Be5 Ke7 39. Bxd6+ Kxd6 40. Kd4 Kd7 41. Ke3 Kd6 42. Kd4 Kd7 43. Ke5 Ke7 44. Ke4 Kd6 45. Kd4 1/2-1/2

[Event "EU-ch Online U2300 Qual"]
[Site "Chess.com INT"]
[Date "2020.05.25"]
[Round "6"]
[White "Travica, Robert"]
[Black "Vujacic, Igor"]
[Result "1-0"]
[WhiteElo "2002"]
[BlackElo "2207"]
[PlyCount "93"]
[EventDate "2020.05.25"]
[EventType "swiss"]
[EventRounds "8"]
[EventCountry "NET"]
[SourceTitle "EXT 2021"]
[Source "ChessBase"]
[SourceDate "2020.10.23"]
[SourceVersion "1"]
[SourceVersionDate "2020.10.23"]
[SourceQuality "1"]

1. e4 c5 2. Nf3 a6 3. d4 cxd4 4. Nxd4 Nf6 5. Nc3 e5 6. Nf3 Bb4 7. Bd2 0-0 8. Bd3 Nc6 9. 0-0 d6 10. h3 Be6 11. Qe2 Qc7 12. a3 Bxc3 13. Bxc3 h6 14. Rfe1 b5 15. Rad1 Rab8 16. b3 Rfc8 17. Bb2 Nd7 18. Qe3 a5 19. Rc1 a4 20. b4 Nb6 21. Bxb5 Na7 22. Bd3 Nc4 23. Bxc4 Bxc4 24. Nd2 Qb7 25. Red1 Nb5 26. Nxc4 Rxc4 27. f3 Qc6 28. Rd2 Rc8 29. Kh2 Kh7 30. Qf2 g6 31. g4 Kg7 32. Kg2 Rh8 33. h4 h5 34. g5 Rc8 35. Kg3 Kh7 36. Rd5 Nc3 37. Rd2 Nb5 38. Qe3 Rc7 39. Qf2 Nc3 40. Ra1 Nxe4+ 41. fxe4 Rxe4 42. Kh2 Rg4 43. Rg1 Rf4 44. Qg3 Qe4 45. Kh3 Rg4 46. Qf2 Rf4 47. Qg3 1-0